| 000 | 00788nam a22002177a 4500 | ||
|---|---|---|---|
| 999 |
_c17290 _d17290 |
||
| 003 | OSt | ||
| 005 | 20190206101733.0 | ||
| 008 | 190206b ||||| |||| 00| 0 eng d | ||
| 020 | _a9780889367258 | ||
| 020 | _a08889367256 | ||
| 040 | _aSEKU | ||
| 050 |
_a K 3876 _b.P4 |
||
| 110 | _4Crucible Group. | ||
| 245 | _aPeople, plants, and patents : the impact of intellectual property on biodiversity, conservation, trade, and rural society | ||
| 260 |
_aOttawa : _b International Development Research Centre, _c1994. |
||
| 300 | _a116p.: | ||
| 650 |
_2Plant varieties--Patents. _aGermplasm resources, Plant. _xBiodiversity conservation. |
||
| 650 |
_aGermplasm resources _xPlants, Cultivated--Patents. |
||
| 651 | _x Plant--Law and legislation. | ||
| 942 |
_2lcc _cGEN |
||